| 000 | 00605nam a2200205 a 4500 | ||
|---|---|---|---|
| 005 | 20140310183300.0 | ||
| 008 | 041125s19uu xx 00 eng d | ||
| 050 |
_aTS 155 _b.Ev82 1997 |
||
| 100 | _aEvans, James R. | ||
| 245 |
_aProduction/operations management: _bquality, performance, and value. / _cJames R. Evans. |
||
| 250 | _a5th edi. | ||
| 260 |
_aMinneapolis/St. Paul : _bWest Pub., _cC1997. |
||
| 300 |
_a789 p. : _bill. ; _c26 cm. |
||
| 521 | _aBSBA | ||
| 546 | _aC5724 | ||
| 546 | _aC1148 | ||
| 650 | _aProduction management. | ||
| 650 | _aFactory management. | ||
| 942 |
_cBK _2lcc _kFOR |
||
| 999 |
_c20937 _d20937 |
||